Empereurs de la dynastie des Constantiniens - Statistiques

Statistiques générales
  • Ce quiz a été pris 27 fois
  • Le résultat moyen est 4 sur 5
Statistiques - réponses
Indice Réponse % Correct
337 - 350 Constant
100%
306 - 337 Constantin
96%
337 - 340 Constantin II
96%
337 - 361 Constance II
62%
305 - 306 Constance Chlore
42%
Aucun quiz correspondant
Distribution des résultats
% des personnes avec chaque résultat
Percentile par nombre de réponses
Votre historique - résultats
Vous n’avez pas pris ce quiz